00451 2200169 4500001002100000005001500021035002000036245007100056100001200127250001700139300002800156260003900184082001000223084001600233020002200249600001000271INLIS00000000000084920250109122518 a0010-01250000221 aEnsiklopedia Ilmu Pengetahuan dan Teknologi :bSerangga /cSucipto0 aSucipto acetakan ke-1 a56 hlm :bIlus ;c21 cm aBekasi :bUranus Publishing,c2011 a590.3 a590.3 SUC e a978-602-863-777-0 4ahewan